Peces, moluscos y crustaceos en los codices mexicanos / | (Record no. 22247)

MARC details
000 -CABECERA
campo de control de longitud fija 00658nam a22002057a 4500
003 - IDENTIFICADOR DEL NÚMERO DE CONTROL
campo de control OSt
005 - FECHA Y HORA DE LA ÚLTIMA TRANSACCIÓN
campo de control 20260601193901.0
008 - DATOS DE LONGITUD FIJA--INFORMACIÓN GENERAL
campo de control de longitud fija 260507b1980 mx a|||| |||| 00| 0 spa d
020 ## - NÚMERO INTERNACIONAL ESTÁNDAR DEL LIBRO
Número Internacional Estándar del Libro 9688051004
040 ## - FUENTE DE LA CATALOGACIÓN
Centro catalogador/agencia de origen ICI
Lengua de catalogación spa
Centro/agencia transcriptor ICI
041 ## - CÓDIGO DE LENGUA
Código de lengua del texto/banda sonora o título independiente spa
050 ## - SIGNATURA TOPOGRÁFICA DE LA BIBLIOTECA DEL CONGRESO
Número de clasificación N8217.F38
Número de documento/Ítem B37
100 ## - ENTRADA PRINCIPAL--NOMBRE DE PERSONA
Nombre de persona Basich Leija, Zita,
Término indicativo de función/relación autor
245 #1 - MENCIÓN DE TÍTULO
Título Peces, moluscos y crustaceos en los codices mexicanos / |
Resto del título Zita baich
Mención de responsabilidad, etc. Investigacion y seleccion de material:
300 ## - DESCRIPCIÓN FÍSICA
Extensión 60 páginas
490 #0 - MENCIÓN DE SERIE
Mención de serie Archivo general de la nacion. serie de informacion grafica
650 #4 - PUNTO DE ACCESO ADICIONAL DE MATERIA--TÉRMINO DE MATERIA
Término de materia o nombre geográfico como elemento de entrada Manuscritos mexicanos
9 (RLIN) 781
650 #4 - PUNTO DE ACCESO ADICIONAL DE MATERIA--TÉRMINO DE MATERIA
Término de materia o nombre geográfico como elemento de entrada Fauna marina
Subdivisión de forma Obras ilustradas
9 (RLIN) 33929
942 ## - ELEMENTOS DE PUNTO DE ACCESO ADICIONAL (KOHA)
Fuente del sistema de clasificación o colocación Library of Congress Classification
Tipo de ítem Koha Libros
Suprimir en OPAC 1
Holdings
Estado de retiro Estado de pérdida Fuente del sistema de clasificación o colocación Estado dañado No para préstamo Localización permanente Ubicación/localización actual Fecha de adquisición Total de préstamos Signatura topográfica completa Código de barras Fecha visto por última vez Número de copia Precio válido a partir de Tipo de ítem Koha
El ejemplar forma parte de la colección y puede ser consultado según las políticas vigentes.   Library of Congress Classification     Biblioteca de Diseño Museo Franz Mayer Biblioteca de Diseño Museo Franz Mayer 07/05/2026   N8217.F38 B37 BDIMFM000271 07/05/2026 Ej. 1 07/05/2026 Libros